[Event "Lichtenberger Sommer 2024"]
[Site "Berlin"]
[Date "2024.08.11"]
[Round "2.26"]
[White "Besbudak, Özgür"]
[Black "Federau, Jürgen"]
[Result "1/2-1/2"]
[WhiteElo "1889"]
[BlackElo "2064"]
[PlyCount "69"]
[EventDate "2024.08.10"]
[WhiteTeam "SF Berlin 1903 e.V."]
[BlackTeam "SC Kreuzberg e.V."]

1. e4 c5 2. c3 d5 3. exd5 Qxd5 4. d4 Nf6 5. Nf3 Bg4 6. Be2 e6 7. O-O Nc6 8. Be3
cxd4 9. cxd4 Be7 10. Nc3 Qd6 11. Qb3 O-O 12. Rfd1 Rfd8 13. Rac1 Qb4 14. Qxb4
Nxb4 15. a3 Nbd5 16. h3 Bxf3 17. Bxf3 Rac8 18. Ne4 Kf8 19. Rxc8 Rxc8 20. Rc1
Rxc1+ 21. Bxc1 Nxe4 22. Bxe4 f5 23. Bxd5 exd5 24. Bd2 Bf6 25. Bc3 Ke7 26. Kf1
Ke6 27. Ke2 h5 28. f3 g5 29. g4 hxg4 30. hxg4 a6 31. a4 b5 32. axb5 axb5 33. b4
Be7 34. Kd3 Bd6 35. Ke2 1/2-1/2

[Event "Lichtenberger Sommer 2024"]
[Site "Berlin"]
[Date "2024.08.11"]
[Round "2.27"]
[White "Verbitsky, Jaroslaw"]
[Black "Lorenz, Veronika"]
[Result "1/2-1/2"]
[WhiteElo "2049"]
[BlackElo "1884"]
[PlyCount "83"]
[EventDate "2024.08.10"]

1. e4 e5 2. Nf3 Nc6 3. Nc3 Nf6 4. d4 exd4 5. Nxd4 Bb4 6. Nxc6 bxc6 7. Bd3 O-O
8. O-O d5 9. exd5 cxd5 10. Bg5 Be6 11. Nb5 c5 12. a3 Ba5 13. b4 cxb4 14. Qe1
Bb6 15. axb4 a6 16. Nc3 a5 17. b5 h6 18. Bh4 Rc8 19. Na4 Bc7 20. f4 Re8 21. Qd2
Ne4 22. Bxe4 Qxh4 23. g3 Qh5 24. Bd3 Bf5 25. Bxf5 Qxf5 26. Qd3 Qxd3 27. cxd3
Re3 28. Rac1 Ree8 29. Rc6 Bb8 30. Rfc1 Rxc6 31. bxc6 Rc8 32. Kf2 Kf8 33. Ke3
Ke7 34. d4 Kd6 35. Rc5 Rxc6 36. Rxa5 Bc7 37. Ra7 Rc2 38. h4 Ra2 39. Ra6+ Ke7
40. Ra7 Kd6 41. Ra6+ Ke7 42. Ra7 1/2-1/2

[Event "Lichtenberger Sommer 2024"]
[Site "Berlin"]
[Date "2024.08.11"]
[Round "2.28"]
[White "Geyler, Stefan"]
[Black "Herms Agullo, Jordi"]
[Result "0-1"]
[WhiteElo "1886"]
[BlackElo "2043"]
[PlyCount "106"]
[EventDate "2024.08.10"]
[WhiteTeam "BSG 1827 Eckbauer e.V."]
[BlackTeam "Granollers Chess Club"]

1. e4 e5 2. Nf3 Nc6 3. Nc3 g6 4. d4 exd4 5. Nxd4 Bg7 6. Be3 Nf6 7. Nxc6 bxc6 8.
e5 Ng8 9. f4 Ne7 10. Be2 O-O 11. O-O d6 12. Kh1 Nf5 13. Bg1 dxe5 14. Qxd8 Rxd8
15. fxe5 Bxe5 16. Rad1 Be6 17. Rxd8+ Rxd8 18. Bxa7 Rd2 19. Bd3 Bxc3 20. bxc3
Bxa2 21. Rf2 Rd1+ 22. Rf1 Rxf1+ 23. Bxf1 Bd5 24. Bf2 Nd6 25. Bg3 f5 26. Kg1 Kf7
27. Be5 Ke6 28. Bd4 Bc4 29. Bd3 Kd5 30. g3 c5 31. Bg7 Bxd3 32. cxd3 c4 33.
dxc4+ Kxc4 34. Kf2 Ne4+ 35. Ke3 Nxc3 36. Kf4 Ne4 37. g4 Nd6 38. h3 Kd5 39. Bc3
c5 40. Bb2 fxg4 41. hxg4 Ne4 42. Bc1 c4 43. Be3 c3 44. Bc1 Kd4 45. Be3+ Kd3 46.
Bc1 Kc2 47. Ba3 Nd2 48. Bb4 Kb3 49. Ba5 Nc4 50. Bxc3 Kxc3 51. Kg5 Kd4 52. Kh6
Ke5 53. Kxh7 g5 0-1

[Event "Lichtenberger Sommer 2024"]
[Site "Berlin"]
[Date "2024.08.11"]
[Round "2.29"]
[White "Asatryan, Tigran"]
[Black "Fiß, Wolfgang"]
[Result "1-0"]
[WhiteElo "2036"]
[BlackElo "1876"]
[PlyCount "67"]
[EventDate "2024.08.10"]
[BlackTeam "SC Oranienburg e.V."]

1. e4 e6 2. d4 d5 3. e5 c5 4. Nf3 Nc6 5. c3 Nge7 6. Be2 Qb6 7. O-O Nf5 8. g4
Nfe7 9. b3 h5 10. gxh5 Nf5 11. Be3 Bd7 12. Kh1 Be7 13. Rg1 O-O-O 14. a4 a5 15.
Na3 Rxh5 16. Nb5 g6 17. Nd6+ Bxd6 18. exd6 Nxe3 19. fxe3 Rdh8 20. Rg2 Na7 21.
Ng5 Qxd6 22. Bxh5 Rxh5 23. Nxf7 Qe7 24. Ne5 Be8 25. Qf3 Rf5 26. Qe2 Qf6 27.
Rag1 Nc6 28. Nxc6 bxc6 29. Qa6+ Kb8 30. Qb6+ Kc8 31. Qxc5 Rf2 32. Qxa5 Rxg2 33.
Qa6+ Kc7 34. Rxg2 1-0

[Event "Lichtenberger Sommer 2024"]
[Site "Berlin"]
[Date "2024.08.11"]
[Round "2.30"]
[White "Lieder, Guenter"]
[Black "Rath, Alina"]
[Result "0-1"]
[WhiteElo "1878"]
[BlackElo "2020"]
[PlyCount "82"]
[EventDate "2024.08.10"]
[WhiteTeam "SG WiHeil"]
[BlackTeam "SK König Tegel 1949 e.V."]

1. e4 c5 2. Nc3 Nc6 3. g3 g6 4. Bg2 Bg7 5. f4 e6 6. d3 Nge7 7. Nf3 O-O 8. O-O
d5 9. e5 a6 10. a4 Rb8 11. h3 b5 12. axb5 axb5 13. Bd2 Qb6 14. Kh2 Bd7 15. Nh4
f6 16. f5 gxf5 17. exf6 Bxf6 18. Bh6 Bg7 19. Qd2 Ne5 20. Bxg7 Kxg7 21. Qg5+
N7g6 22. Rfe1 Nf7 23. Qh5 Qc7 24. Nxf5+ exf5 25. Nxd5 Qd6 26. Ra7 Rbe8 27. Rea1
Bc8 28. c4 bxc4 29. dxc4 f4 30. gxf4 Nxf4 31. Qg5+ Ng6+ 32. Kh1 h6 33. Qd2 Qg3
34. R7a3 Qg5 35. Qc3+ Qe5 36. Qc1 Qd4 37. Ra7 Re2 38. Nc3 Rxg2 39. Kxg2 Nh4+
40. Kh1 Bxh3 41. Qg1+ Bg2+ 0-1

[Event "Lichtenberger Sommer 2024"]
[Site "Berlin"]
[Date "2024.08.11"]
[Round "2.31"]
[White "Stark, Ingo"]
[Black "Bongardt, Livius"]
[Result "1-0"]
[WhiteElo "2020"]
[BlackElo "1875"]
[PlyCount "107"]
[EventDate "2024.08.10"]

1. e4 e5 2. Nf3 Nc6 3. Bb5 a6 4. Ba4 Nf6 5. O-O Be7 6. Re1 b5 7. Bb3 d6 8. c3
O-O 9. h3 Na5 10. Bc2 c5 11. d4 exd4 12. cxd4 Nc6 13. Nbd2 Nxd4 14. Nxd4 cxd4
15. Nf3 Bb7 16. Nxd4 Rc8 17. Nf5 g6 18. Ng3 Re8 19. Bf4 d5 20. e5 Nd7 21. e6
Nc5 22. exf7+ Kxf7 23. Nf5 Qb6 24. Rxe7+ Rxe7 25. Nd6+ Kg8 26. Nxc8 Bxc8 27.
Qxd5+ Be6 28. Qd6 Rb7 29. Re1 Bf7 30. Qe5 Ne6 31. Be3 Qc7 32. Qe4 Rb8 33. Bb3
Re8 34. Rc1 Qd7 35. Qb4 Nc7 36. Bh6 Bxb3 37. Qxb3+ Ne6 38. Rd1 Qf7 39. Rd6 g5
40. h4 Nc5 41. Qxf7+ Kxf7 42. Bxg5 Re1+ 43. Kh2 Re2 44. Rf6+ Kg7 45. Rc6 Ne4
46. Re6 Rxb2 47. Rxe4 Rxa2 48. Kg3 h6 49. Be3 a5 50. Re7+ Kf6 51. Rh7 b4 52.
Rxh6+ Kf7 53. Rb6 Rb2 54. h5 1-0

[Event "Lichtenberger Sommer 2024"]
[Site "Berlin"]
[Date "2024.08.11"]
[Round "2.32"]
[White "Bandsom, Olaf"]
[Black "Pueschel, Werner"]
[Result "0-1"]
[WhiteElo "1876"]
[BlackElo "2013"]
[PlyCount "54"]
[EventDate "2024.08.10"]
[WhiteTeam "SC Friesen Lichtenberg e.V."]
[BlackTeam "vereinslos"]

1. e4 d5 2. exd5 Qxd5 3. Nc3 Qd6 4. Nf3 Nf6 5. Bc4 c6 6. a4 Bg4 7. Be2 e6 8.
O-O Nbd7 9. d4 Be7 10. Be3 O-O 11. h3 Bh5 12. Nd2 Bg6 13. Nc4 Qc7 14. Qc1 Nd5
15. Bd2 Nb4 16. Na3 Nb6 17. Bd1 Rfd8 18. Be3 Bf6 19. Ne2 N6d5 20. c4 Nxe3 21.
fxe3 e5 22. dxe5 Qxe5 23. Nc3 Bg5 24. Re1 Rd3 25. Bc2 Bxe3+ 26. Rxe3 Rxe3 27.
Bxg6 hxg6 0-1

[Event "Lichtenberger Sommer 2024"]
[Site "Berlin"]
[Date "2024.08.11"]
[Round "2.33"]
[White "Geldner, Gerrit"]
[Black "Allington, John C"]
[Result "1-0"]
[WhiteElo "2009"]
[BlackElo "1735"]
[PlyCount "47"]
[EventDate "2024.08.10"]
[WhiteTeam "SC Kreuzberg e.V."]

1. c4 e6 2. e4 d5 3. cxd5 exd5 4. exd5 Nf6 5. Bb5+ Bd7 6. Bc4 Bg4 7. Qb3 Bd6 8.
Nc3 O-O 9. Nge2 Nbd7 10. O-O Nc5 11. Qc2 a6 12. d4 Ncd7 13. a4 Nb6 14. b3 Bxe2
15. Qxe2 Nfxd5 16. Nxd5 Nxd5 17. Bxd5 Bxh2+ 18. Kxh2 Qxd5 19. Be3 Rfe8 20. Qf3
Qxb3 21. Rfb1 Qc3 22. Qxb7 Qa5 23. Rc1 Rac8 24. Rc5 1-0

[Event "Lichtenberger Sommer 2024"]
[Site "Berlin"]
[Date "2024.08.11"]
[Round "2.34"]
[White "Thümler, Floris"]
[Black "Groot, Patrick"]
[Result "1/2-1/2"]
[WhiteElo "1874"]
[BlackElo "2008"]
[PlyCount "65"]
[EventDate "2024.08.10"]
[WhiteTeam "SV Königsjäger Süd-West e.V."]
[BlackTeam "SF Berlin 1903 e.V."]

1. e4 c6 2. d4 d5 3. e5 c5 4. c3 Nc6 5. Nf3 cxd4 6. cxd4 Bg4 7. Bb5 Qb6 8. Nc3
e6 9. Be3 a6 10. Bxc6+ Qxc6 11. O-O Ne7 12. h3 Bxf3 13. Qxf3 Nf5 14. Rfd1 Bb4
15. Rac1 Qd7 16. a3 Ba5 17. Ne2 O-O 18. Ng3 Nxe3 19. Qxe3 Rac8 20. Nh5 Rxc1 21.
Rxc1 f6 22. exf6 gxf6 23. Qh6 Qf7 24. b4 Bb6 25. Rc3 Kh8 26. Rg3 Rg8 27. Rxg8+
Kxg8 28. Nxf6+ Kh8 29. Qf4 Kg7 30. Qg5+ Kh8 31. Qf4 Kg7 32. Qg5+ Kh8 33. Qf4
1/2-1/2

[Event "Lichtenberger Sommer 2024"]
[Site "Berlin"]
[Date "2024.08.11"]
[Round "2.35"]
[White "Buttkus, Andre"]
[Black "Hauer, Benno"]
[Result "1-0"]
[WhiteElo "2005"]
[BlackElo "1733"]
[PlyCount "51"]
[EventDate "2024.08.10"]
[WhiteTeam "SK Tempelhof 1931 e.V."]
[BlackTeam "SVG Saarbrücken 1970 e.V."]

1. d4 d5 2. c4 e6 3. Nc3 Nf6 4. cxd5 exd5 5. Bg5 Be7 6. e3 Bf5 7. Bxf6 Bxf6 8.
Qb3 c5 9. Qxd5 cxd4 10. exd4 Qxd5 11. Nxd5 Bxd4 12. Nc7+ Kd7 13. Nxa8 Bxb2 14.
Rd1+ Kc8 15. Bd3 Re8+ 16. Ne2 Bc3+ 17. Kf1 Bxd3 18. Rxd3 Bb4 19. g3 Nc6 20. Nf4
Kb8 21. Kg2 Kxa8 22. Rb1 Bc5 23. Rd7 Re7 24. Rbxb7 Rxd7 25. Rxd7 Ne5 26. Rd5
1-0

[Event "Lichtenberger Sommer 2024"]
[Site "Berlin"]
[Date "2024.08.11"]
[Round "2.36"]
[White "Langer, Niklas"]
[Black "Krefenstein, Sergej"]
[Result "1/2-1/2"]
[WhiteElo "1753"]
[BlackElo "2004"]
[PlyCount "91"]
[EventDate "2024.08.10"]
[WhiteTeam "SC Eintracht Berlin e.V."]
[BlackTeam "TuS Makkabi Berlin e.V."]

1. d4 Nf6 2. Nc3 d5 3. Bf4 Bf5 4. e3 e6 5. Nf3 a6 6. Ne5 h6 7. Bd3 Bxd3 8. cxd3
Nbd7 9. Qb3 Rb8 10. Rc1 Nh5 11. Bg3 Nxg3 12. fxg3 Nxe5 13. dxe5 Qg5 14. Qa4+ b5
15. Qf4 Be7 16. d4 O-O 17. O-O Rbc8 18. e4 Qxf4 19. gxf4 b4 20. Na4 dxe4 21.
Kf2 f5 22. Rc6 Kf7 23. Rfc1 g5 24. g3 gxf4 25. gxf4 Rg8 26. Rxc7 Rxc7 27. Rxc7
Rg4 28. Nb6 Rxf4+ 29. Ke2 Ke8 30. d5 Bd8 31. Rc6 exd5 32. Nxd5 Rh4 33. e6 Rxh2+
34. Ke3 Bg5+ 35. Kd4 Rd2+ 36. Ke5 Rxd5+ 37. Kxd5 e3 38. Rc8+ Ke7 39. Rc7+ Kd8
40. Rc2 f4 41. Ke4 Ke7 42. Kf3 Kxe6 43. Rc6+ Kd5 44. Rxa6 Kc4 45. a3 Kb5 46.
Ra8 1/2-1/2

[Event "Lichtenberger Sommer 2024"]
[Site "Berlin"]
[Date "2024.08.11"]
[Round "2.37"]
[White "Bornschein, Burkhard"]
[Black "Semahin, Volodymyr"]
[Result "1/2-1/2"]
[WhiteElo "1996"]
[BlackElo "1715"]
[PlyCount "62"]
[EventDate "2024.08.10"]
[WhiteTeam "BSC Rehberge 1945 e.V."]

1. d4 Nf6 2. Nf3 e6 3. c4 c6 4. Nc3 d5 5. cxd5 exd5 6. Bg5 Be7 7. Qc2 Bg4 8.
Ne5 Bh5 9. e3 Nbd7 10. Bd3 Nxe5 11. dxe5 Nd7 12. Bf4 Nc5 13. Bf5 d4 14. exd4
Qxd4 15. Qd2 Qxd2+ 16. Bxd2 Rd8 17. Be3 Nd3+ 18. Bxd3 Rxd3 19. Bxa7 O-O 20. O-O
Rd2 21. Rab1 Bg6 22. Be3 Rc2 23. Rfc1 Rxc3 24. bxc3 Bxb1 25. Rxb1 b5 26. g3 Ra8
27. Rb2 Ra4 28. f3 Rc4 29. Rc2 Ra4 30. Rb2 Rc4 31. Rb3 Ra4 1/2-1/2

[Event "Lichtenberger Sommer 2024"]
[Site "Berlin"]
[Date "2024.08.11"]
[Round "2.38"]
[White "Bradschetl, Tom"]
[Black "Guenther, Thomas"]
[Result "0-1"]
[WhiteElo "1662"]
[BlackElo "1996"]
[PlyCount "80"]
[EventDate "2024.08.10"]
[WhiteTeam "SG NARVA Berlin e.V."]
[BlackTeam "vereinslos"]

1. e4 c5 2. c3 e6 3. f4 d5 4. e5 Ne7 5. Nf3 a6 6. d4 Nf5 7. Bd3 cxd4 8. Bxf5
exf5 9. Nxd4 Bc5 10. Be3 Qe7 11. Nd2 O-O 12. O-O Nc6 13. N2f3 Be6 14. Nc2 Bxe3+
15. Nxe3 Qc5 16. Re1 Rac8 17. Kh1 Rfd8 18. Nc2 Qb6 19. Rb1 Na5 20. Qd4 Qxd4 21.
Ncxd4 h6 22. Nh4 g6 23. Nxe6 fxe6 24. Nxg6 Kf7 25. Nh4 Rc4 26. g3 b5 27. Nf3
Nb7 28. Red1 Nc5 29. Nd2 Ra4 30. b4 Nd3 31. Kg2 Rc8 32. Ra1 Rxc3 33. Nb1 Rc2+
34. Kf3 Nxb4 35. a3 Nc6 36. Rd2 Rc1 37. Rda2 Nd4+ 38. Kg2 Nb3 39. Nd2 Rxa1 40.
Rxa1 Nxa1 0-1

[Event "Lichtenberger Sommer 2024"]
[Site "Berlin"]
[Date "2024.08.11"]
[Round "2.39"]
[White "Sauer, Jakob"]
[Black "Shvedchikov, Sergei"]
[Result "0-1"]
[WhiteElo "1644"]
[BlackElo "1993"]
[PlyCount "110"]
[EventDate "2024.08.10"]
[WhiteTeam "TSG Oberschöneweide e.V."]

1. e4 c6 2. d4 d5 3. e5 c5 4. c3 Nc6 5. Nf3 cxd4 6. cxd4 Bg4 7. Be2 e6 8. O-O
Nge7 9. Nbd2 Nf5 10. Nb3 Be7 11. h3 Bxf3 12. Bxf3 O-O 13. g4 Nh4 14. Be2 f6 15.
f4 Qb6 16. a4 a5 17. Bb5 fxe5 18. Kh1 e4 19. Be3 Nb4 20. Nc5 Bxc5 21. dxc5 Qd8
22. Bd2 Nc6 23. Bc3 Qe7 24. f5 Nf3 25. Be2 Nfe5 26. Bxe5 Nxe5 27. Qd4 Nc6 28.
Qc3 e5 29. Bb5 Nd4 30. Rfd1 g6 31. Rxd4 exd4 32. Qxd4 Rad8 33. Rf1 Qf6 34. Qd2
Qe5 35. Qxa5 Qxb2 36. Qb6 Qc3 37. Qe6+ Kh8 38. fxg6 Qxh3+ 39. Kg1 Qe3+ 40. Kg2
Rxf1 41. Bxf1 Qd2+ 42. Kg1 Qd4+ 43. Kg2 Rf8 44. g7+ Kxg7 45. Qe7+ Kg8 46. Qe6+
Kh8 47. Kh3 Rxf1 48. Qe8+ Kg7 49. Qe7+ Kg8 50. Qg5+ Qg7 51. Qd8+ Rf8 52. Qxd5+
Qf7 53. Qg5+ Kh8 54. Qe5+ Qf6 55. Qxe4 Qf1+ 0-1

[Event "Lichtenberger Sommer 2024"]
[Site "Berlin"]
[Date "2024.08.11"]
[Round "2.40"]
[White "Sabrowski, Uwe"]
[Black "Kaushik, Siya"]
[Result "1-0"]
[WhiteElo "1992"]
[BlackElo "1608"]
[PlyCount "53"]
[EventDate "2024.08.10"]
[WhiteTeam "SC Friesen Lichtenberg e.V."]
[BlackTeam "vereinslos"]

1. d4 d5 2. Nf3 Nf6 3. c4 e6 4. e3 Be7 5. b3 Nbd7 6. Bd3 b6 7. O-O O-O 8. Bb2
Bb7 9. Nbd2 c5 10. Rc1 Rc8 11. Qe2 Re8 12. Rfd1 Bf8 13. Ne5 g6 14. Ndf3 Ne4 15.
Nxd7 Qxd7 16. Ne5 Qc7 17. Bxe4 dxe4 18. dxc5 Red8 19. cxb6 axb6 20. Ng4 Bg7 21.
Bxg7 Kxg7 22. Qb2+ Kf8 23. Qf6 Rd5 24. cxd5 Qxc1 25. Qh8+ Ke7 26. d6+ Kd7 27.
Ne5# 1-0

[Event "Lichtenberger Sommer 2024"]
[Site "Berlin"]
[Date "2024.08.11"]
[Round "2.41"]
[White "Schmidt, Reinhard"]
[Black "Witte, Ronald"]
[Result "1/2-1/2"]
[WhiteElo "1574"]
[BlackElo "1972"]
[PlyCount "65"]
[EventDate "2024.08.10"]
[WhiteTeam "vereinslos"]
[BlackTeam "BSV 63 Chemie Weißensee"]

1. e4 c5 2. Nf3 d6 3. c3 Nf6 4. Be2 Nc6 5. d3 e5 6. Be3 Be7 7. Nbd2 O-O 8. O-O
d5 9. exd5 Nxd5 10. Nc4 Nxe3 11. fxe3 Qc7 12. e4 Be6 13. Ne3 Rad8 14. c4 Nd4
15. Nd5 Nxf3+ 16. Bxf3 Qd7 17. Qe2 Bd6 18. Rae1 f5 19. exf5 Bxf5 20. Be4 Bxe4
21. Qxe4 b6 22. b3 Qe6 23. Re3 Rxf1+ 24. Kxf1 Rf8+ 25. Rf3 Rxf3+ 26. Qxf3 Qh6
27. h3 Qc1+ 28. Kf2 Qb2+ 29. Qe2 Qd4+ 30. Qe3 Qb2+ 31. Qe2 Qd4+ 32. Qe3 Qb2+
33. Qe2 1/2-1/2

[Event "Lichtenberger Sommer 2024"]
[Site "Berlin"]
[Date "2024.08.11"]
[Round "2.42"]
[White "Arikan, Yanki"]
[Black "Schäfer, Heiko"]
[Result "1-0"]
[WhiteElo "1573"]
[BlackElo "1962"]
[PlyCount "95"]
[EventDate "2024.08.10"]
[WhiteTeam "vereinslos"]
[BlackTeam "Potsdamer SV Mitte e.V."]

1. e4 e6 2. d4 d5 3. Nd2 Be7 4. Ngf3 Nf6 5. e5 Nfd7 6. Bd3 c5 7. c3 Nc6 8. O-O
a5 9. a4 g5 10. Qe2 g4 11. Ne1 h5 12. Qe3 Qb6 13. Nc2 Rg8 14. Kh1 Nf8 15. f4
Bd7 16. f5 Bg5 17. fxe6 Nxe6 18. Qf2 O-O-O 19. dxc5 Qxc5 20. Qe1 Nf4 21. Bb5
Qe7 22. Bxc6 Bxc6 23. Nd4 Nd3 24. Qe2 Nxe5 25. b4 f6 26. bxa5 Rge8 27. a6 bxa6
28. Qxa6+ Qb7 29. Qxb7+ Bxb7 30. N2b3 Bxc1 31. Raxc1 Nd3 32. Rcd1 Nb2 33. Ra1
Re3 34. Rxf6 Rde8 35. Nb5 Re1+ 36. Rf1 Rxf1+ 37. Rxf1 Rd8 38. a5 Nc4 39. Rf6
Re8 40. Kg1 h4 41. Kf2 Rg8 42. a6 Ba8 43. Nc5 g3+ 44. hxg3 hxg3+ 45. Kf1 d4 46.
cxd4 Ne3+ 47. Kg1 Nxg2 48. Rf7 1-0

[Event "Lichtenberger Sommer 2024"]
[Site "Berlin"]
[Date "2024.08.11"]
[Round "2.44"]
[White "Hoffmann, Kay"]
[Black "Jozsa, Lev"]
[Result "1-0"]
[WhiteElo "2001"]
[BlackElo "1505"]
[PlyCount "61"]
[EventDate "2024.08.10"]
[WhiteTeam "Barnimer SF im SV Sta"]
[BlackTeam "SV Empor Berlin e.V."]

1. d4 d5 2. c4 e6 3. Nc3 Nf6 4. Nf3 Be7 5. cxd5 exd5 6. Bf4 c6 7. e3 Bg4 8. Be2
Nbd7 9. O-O O-O 10. a3 Re8 11. Rc1 Rc8 12. h3 Bh5 13. Na4 h6 14. b4 Bf8 15. Nc5
Nxc5 16. bxc5 Ne4 17. g4 Bg6 18. Qa4 a6 19. Qb4 Re7 20. a4 a5 21. Qb2 Nf6 22.
Bd6 Re6 23. Bf4 Re7 24. Rc3 Ra8 25. Rb3 Ra7 26. Bd6 Re6 27. Bxf8 Kxf8 28. Rxb7
Ra8 29. Ne5 Ne4 30. Bd3 Nxc5 31. Nxg6+ 1-0

[Event "Lichtenberger Sommer 2024"]
[Site "Berlin"]
[Date "2024.08.11"]
[Round "2.45"]
[White "Stark, Steven"]
[Black "Fartmann, Oliver"]
[Result "0-1"]
[WhiteElo "1642"]
[BlackElo "2093"]
[PlyCount "68"]
[EventDate "2024.08.10"]
[WhiteTeam "BSC Rehberge 1945 e.V."]
[BlackTeam "SV Mattnetz Berlin e.V."]

1. a4 d5 2. d4 c5 3. Nc3 Nc6 4. e3 Nf6 5. b3 cxd4 6. exd4 Bf5 7. Bb5 Rc8 8. Nf3
a6 9. Bxc6+ Rxc6 10. Bb2 Qc8 11. Qd2 e6 12. Ne5 Rc7 13. Rc1 Bb4 14. O-O Bxc3
15. Bxc3 Rxc3 16. Nd3 Rc7 17. f3 O-O 18. Nb4 h6 19. c3 Qd7 20. Nd3 Bxd3 21.
Qxd3 Rfc8 22. Rf2 Qd6 23. Rfc2 Nd7 24. g3 e5 25. Kg2 exd4 26. cxd4 Nf8 27. Rxc7
Rxc7 28. Rxc7 Qxc7 29. f4 Ne6 30. Kf3 Qb6 31. Ke3 Qb4 32. f5 Qe1+ 33. Qe2 Qxe2+
34. Kxe2 Nxd4+ 0-1

[Event "Lichtenberger Sommer 2024"]
[Site "Berlin"]
[Date "2024.08.11"]
[Round "2.46"]
[White "Scholz, Alexander"]
[Black "Oldenburg, Theo"]
[Result "1/2-1/2"]
[WhiteElo "1977"]
[BlackElo "1762"]
[PlyCount "98"]
[EventDate "2024.08.10"]
[WhiteTeam "Sfr.Heidesheim"]
[BlackTeam "SV Berolina Mitte e.V."]

1. e4 c5 2. Nc3 Nc6 3. f4 g6 4. Nf3 Bg7 5. Bb5 Nd4 6. O-O a6 7. Bc4 b5 8. Bd5
Ra7 9. e5 e6 10. Be4 d5 11. Bd3 Ne7 12. Nxd4 cxd4 13. Ne2 Qb6 14. Qe1 O-O 15.
Qf2 f6 16. Qxd4 Qxd4+ 17. Nxd4 fxe5 18. fxe5 Rxf1+ 19. Bxf1 Bxe5 20. Nf3 Bg7
21. d4 Nc6 22. c3 e5 23. dxe5 Nxe5 24. Nxe5 Bxe5 25. Be3 Re7 26. Bc5 Rc7 27.
Bb6 Rc6 28. Re1 Re6 29. Bf2 Bf4 30. Rd1 Bb7 31. g3 Be3 32. Bg2 Bxf2+ 33. Kxf2
Re5 34. Rd4 Bc6 35. a3 Kf7 36. Bf3 g5 37. Bd1 Rf5+ 38. Ke1 Re5+ 39. Be2 Kf6 40.
Kd2 Rf5 41. Rd3 Rf2 42. Rf3+ Rxf3 43. Bxf3 Ke5 44. Ke3 a5 45. b4 axb4 46. axb4
Bd7 47. h4 h6 48. hxg5 hxg5 49. Be2 Bc6 1/2-1/2

[Event "Lichtenberger Sommer 2024"]
[Site "Berlin"]
[Date "2024.08.11"]
[Round "2.47"]
[White "Kuban, Andreas"]
[Black "Grillich, Alexander"]
[Result "1/2-1/2"]
[WhiteElo "1866"]
[BlackElo "1915"]
[PlyCount "69"]
[EventDate "2024.08.10"]
[WhiteTeam "SSV Rotation Berlin e.V."]
[BlackTeam "SC Rochade e.V."]

1. Nf3 Nf6 2. g3 c6 3. Bg2 d5 4. c4 Bf5 5. O-O e6 6. cxd5 exd5 7. d3 Be7 8. Qb3
Qb6 9. Qc2 Nbd7 10. Nh4 Be6 11. e4 O-O 12. Nc3 dxe4 13. dxe4 Ng4 14. Nf3 Nde5
15. Nxe5 Nxe5 16. Be3 Qa6 17. Rad1 Bc4 18. f4 Ng4 19. Bc1 Bxf1 20. Rxf1 Qb6+
21. Kh1 Rad8 22. Qe2 Nf6 23. g4 Qa6 24. Qf2 Rd3 25. Bf3 Bc5 26. Qg2 Rxf3 27.
Qxf3 Nxg4 28. e5 Be3 29. Bxe3 Nxe3 30. Rg1 Nd5 31. Nxd5 cxd5 32. Qxd5 Qb6 33.
Qg2 g6 34. f5 Re8 35. Re1 1/2-1/2

[Event "Lichtenberger Sommer 2024"]
[Site "Berlin"]
[Date "2024.08.11"]
[Round "2.48"]
[White "Kutschke, Jens"]
[Black "Bunkens, Rudi"]
[Result "1/2-1/2"]
[WhiteElo "1965"]
[BlackElo "1739"]
[PlyCount "83"]
[EventDate "2024.08.10"]
[WhiteTeam "SF Berlin 1903 e.V."]
[BlackTeam "Koninklijke Gentse SK"]

1. e4 c5 2. Nf3 d6 3. d4 cxd4 4. Nxd4 Nf6 5. Nc3 a6 6. Be2 e5 7. Nb3 Be6 8. O-O
Be7 9. f4 Qc7 10. f5 Bc4 11. Bg5 Nbd7 12. Bxc4 Qxc4 13. Qd3 Qxd3 14. cxd3 Nb6
15. a4 Rc8 16. Bxf6 Bxf6 17. a5 Nd7 18. g3 Bg5 19. h4 Be3+ 20. Kg2 Nc5 21. Nxc5
Rxc5 22. Kf3 Bd2 23. Ra3 Kd7 24. Ke2 Bxc3 25. Rxc3 Rhc8 26. Rfc1 Rxc3 27. Rxc3
Rc5 28. Rxc5 dxc5 29. g4 Kc6 30. Kd2 Kb5 31. Kc3 h6 32. g5 h5 33. Kb3 b6 34.
axb6 Kxb6 35. Ka4 a5 36. b3 Ka6 37. Ka3 Kb5 38. Kb2 Kb4 39. Kc2 Kb5 40. Kc3 Kb6
41. Kc4 Kc6 42. Kc3 1/2-1/2

[Event "Lichtenberger Sommer 2024"]
[Site "Berlin"]
[Date "2024.08.11"]
[Round "2.49"]
[White "Ollek, Karl-Heinz"]
[Black "Möller, Jared William"]
[Result "0-1"]
[WhiteElo "1763"]
[BlackElo "1991"]
[PlyCount "26"]
[EventDate "2024.08.10"]
[WhiteTeam "SC Friesen Lichtenberg e.V."]
[BlackTeam "SV Glück auf Rüdersdorf e.V."]

1. c4 e6 2. d4 d5 3. Nc3 c5 4. cxd5 cxd4 5. Qxd4 Nc6 6. Qd1 exd5 7. Nf3 d4 8.
Na4 b5 9. Bd2 bxa4 10. Qxa4 Bd7 11. Rc1 Qb6 12. g3 Ne5 13. Qxd4 Nxf3+ 0-1

[Event "Lichtenberger Sommer 2024"]
[Site "Berlin"]
[Date "2024.08.11"]
[Round "2.50"]
[White "Schmidt, Florian Pascal"]
[Black "Drave, Samuel"]
[Result "1/2-1/2"]
[WhiteElo "1959"]
[BlackElo "1757"]
[PlyCount "142"]
[EventDate "2024.08.10"]

1. e4 e5 2. Nf3 Nc6 3. Bb5 Nf6 4. d3 Ne7 5. O-O c6 6. Ba4 Ng6 7. Re1 d6 8. c3
Be7 9. Nbd2 O-O 10. Nf1 h6 11. Ng3 Re8 12. d4 Bf8 13. Bc2 Qc7 14. h3 Be6 15.
Be3 Rad8 16. Qb1 Qc8 17. Nf5 Nh5 18. Kh2 exd4 19. N3xd4 c5 20. Nxe6 Rxe6 21.
Qd1 Nf6 22. Ng3 d5 23. exd5 Nxd5 24. Qe2 Nxe3 25. fxe3 Bd6 26. Rf1 Qc7 27. Qf3
Nh4 28. Qg4 Rxe3 29. Kh1 Bxg3 30. Rxf7 Kxf7 31. Bb3+ Ke8 32. Rf1 Re1 33. Ba4+
Rd7 34. Rxe1+ Bxe1 35. Qe6+ Kf8 36. Bxd7 Qd8 37. Qd6+ Qe7 38. Qb8+ Kf7 39. Qxb7
Kg6 40. Qxa7 Bg3 41. Qa6+ Qd6 42. Be8+ Kh7 43. Qe2 Qe5 44. Qxe5 Bxe5 45. a4 Nf5
46. a5 Nd6 47. Bd7 Nc4 48. b4 cxb4 49. cxb4 Bb8 50. Bf5+ g6 51. Bd3 Ne5 52. Be4
Bc7 53. Kg1 Kg7 54. Kf2 Kf6 55. Ke3 Ke6 56. Kd4 Kd6 57. Kc3 g5 58. Kb3 Nc6 59.
Kc4 Na7 60. Bf3 Bd8 61. Be4 Ke5 62. Bf3 Bc7 63. Kc5 Ke6 64. Bg4+ Ke7 65. b5 Bf4
66. b6 Be3+ 67. Kd5 Nb5 68. Kc6 Nd4+ 69. Kb7 Nb3 70. a6 Nc5+ 71. Ka7 Na4
1/2-1/2

[Event "Lichtenberger Sommer 2024"]
[Site "Berlin"]
[Date "2024.08.11"]
[Round "2.51"]
[White "Idaczek, Günter"]
[Black "Grassnickel, Lutz"]
[Result "1-0"]
[WhiteElo "1948"]
[BlackElo "1757"]
[PlyCount "171"]
[EventDate "2024.08.10"]
[WhiteTeam "SG NARVA Berlin e.V."]
[BlackTeam "Schach Nienberge 2003 e. V."]

1. Nf3 Nf6 2. g3 d5 3. d3 Bf5 4. Nbd2 e6 5. Bg2 Nbd7 6. O-O c6 7. b3 Bd6 8. Bb2
O-O 9. Re1 Bg4 10. h3 Bxf3 11. Nxf3 Qb6 12. e3 Rac8 13. Nd2 Bb8 14. Qe2 Rfe8
15. c4 Qa6 16. h4 Red8 17. g4 dxc4 18. dxc4 Ne5 19. g5 Qa5 20. Nf1 Ne8 21. Be4
f5 22. gxf6 Nxf6 23. Bg2 Nd3 24. Bxf6 gxf6 25. Red1 Qf5 26. Rd2 Nc5 27. Rad1
Rxd2 28. Rxd2 e5 29. Ng3 Qe6 30. e4 Qe8 31. Qg4+ Kh8 32. Bh3 Rd8 33. Nf5 Rd7
34. Rxd7 Qxd7 35. Qh5 Ne6 36. Qh6 Qd8 37. Kh2 Qf8 38. Qd2 Qd8 39. Qh6 Qf8 40.
Qd2 Qd8 41. Qb4 b6 42. Nh6 Qf8 43. Qd2 Nd4 44. Qe3 Bc7 45. Nf5 c5 46. Bg4 Qf7
47. Ng3 Bd6 48. Bf5 Bf8 49. Kh3 Bg7 50. Kg2 Qf8 51. Qd2 Bh6 52. Qd1 Bf4 53. Qh5
Qg8 54. Kh3 Ne6 55. Bxe6 Qxe6+ 56. Nf5 Qd7 57. Kg2 Kg8 58. Kg1 Kf8 59. Qg4 Qb7
60. Kf1 Qd7 61. Kg2 Qb7 62. Kf1 Qd7 63. h5 Qb7 64. h6 Qd7 65. Kg2 Qb7 66. Nd6
Qc7 67. Qe6 Bxh6 68. Qxf6+ Kg8 69. Qxh6 Qd7 70. Qg5+ Kf8 71. Qf6+ Kg8 72. Qg5+
Kf8 73. Qxe5 Qg4+ 74. Qg3 Qe6 75. Qf4+ Ke7 76. Nf5+ Kd7 77. Qd2+ Kc7 78. Qf4+
Kb7 79. Nd6+ Ka6 80. e5 h5 81. Qe4 Qd7 82. Qb7+ Qxb7+ 83. Nxb7 Kxb7 84. Kg3 Kc6
85. Kh4 Kd7 86. Kxh5 1-0